Vzdelanie nekončí získaním diplomu

Koncepcia profesijného rozvoja učiteľov zabezpečí vyššiu odbornosť a kvalitu výučby. Komplex dokumentov týkajúci sa profesijného rozvoja pedagógov vláda premietla do prípravy Koncepcie profesijného rozvoja učiteľov v kariérovom systéme, ktorá bude východiskom pre prijatie všeobecne záväzných právnyc...

Ausführliche Beschreibung

Gespeichert in:
Bibliographische Detailangaben
1. Verfasser: Hamerlová, Katarína
Format: Buchkapitel
Sprache:Slowakisch
Schlagworte:
Tags: Tag hinzufügen
Keine Tags, Fügen Sie das erste Tag hinzu!

MARC

LEADER 00000naa$a2200000$$$4500
001 0065297
005 20231016085318.4
041 0 |a slo 
044 |a SK 
245 1 0 |a Vzdelanie nekončí získaním diplomu  |c Katarína Hamerlová 
520 |a Koncepcia profesijného rozvoja učiteľov zabezpečí vyššiu odbornosť a kvalitu výučby. Komplex dokumentov týkajúci sa profesijného rozvoja pedagógov vláda premietla do prípravy Koncepcie profesijného rozvoja učiteľov v kariérovom systéme, ktorá bude východiskom pre prijatie všeobecne záväzných právnych predpisov. Ciele koncepcie. Kreditový systém. Finančné náklady. 
610 2 0 |a učitelia 
610 2 0 |a vzdelávanie 
610 2 0 |a vzdelávanie permanentné 
610 2 0 |a kariéra 
610 2 0 |a financovanie 
610 2 0 |a koncepcie 
610 2 0 |a Slovensko 
100 1 |a Hamerlová, Katarína